Thăm vườn dâu giống mới /
Ươm dâu giống mới ở Đức Trọng, Di Linh. Tình hình phát triển việc trồng dâu. Thuận lợi và khó khăn
সংরক্ষণ করুন:
| প্রধান লেখক: | |
|---|---|
| বিন্যাস: | প্রবন্ধ |
| ভাষা: | Vietnamese |
| বিষয়গুলি: | |
| ট্যাগগুলো: |
ট্যাগ যুক্ত করুন
কোনো ট্যাগ নেই, প্রথমজন হিসাবে ট্যাগ করুন!
|
| Thư viện lưu trữ: | Thư viện Trường Đại học Đà Lạt |
|---|
| LEADER | 00744nam a2200253 4500 | ||
|---|---|---|---|
| 001 | DLU020020310 | ||
| 008 | ##2002t vn vie d | ||
| 040 | # | # | |a DLU |b vie |
| 041 | # | # | |a vie |
| 100 | # | # | |a Bùi Trưởng |
| 245 | # | # | |a Thăm vườn dâu giống mới / |c Bùi Trưởng |
| 520 | # | # | |a Ươm dâu giống mới ở Đức Trọng, Di Linh. Tình hình phát triển việc trồng dâu. Thuận lợi và khó khăn |
| 651 | # | # | |a Lâm Đồng |
| 653 | # | # | |a Trồng trọt |
| 773 | # | # | |t Lâm Đồng |g 2002, ngày 5 tháng 9, tr. 3 |
| 933 | # | # | |a 200LD |
| 994 | # | # | |a DLU |
| 900 | # | # | |a True |
| 911 | # | # | |a Phan Ngọc Đông |
| 925 | # | # | |a G |
| 926 | # | # | |a A |
| 927 | # | # | |a BB |
| 980 | # | # | |a Thư viện Trường Đại học Đà Lạt |